On rational grounds (Record no. 81554)

MARC details
000 -LEADER
fixed length control field 01145nam a2200265 a 4500
008 - FIXED-LENGTH DATA ELEMENTS--GENERAL INFORMATION
fixed length control field 120416s1982 ||||||||||||||||| || u
020 ## - INTERNATIONAL STANDARD BOOK NUMBER
International Standard Book Number 0444420568
050 ## - LIBRARY OF CONGRESS CALL NUMBER
Classification number HD 108.6 Onr
100 ## - MAIN ENTRY--PERSONAL NAME
Personal name Bennett, David, 1935-
245 10 - TITLE STATEMENT
Title On rational grounds
Statement of responsibility, etc edited by David Bennett
246 ## -
-- systems analysis in catchment land use planning
260 ## - PUBLICATION, DISTRIBUTION, ETC. (IMPRINT)
Place of publication, distribution, etc Amsterdam
Name of publisher, distributor, etc Elsevier Pub
Date of publication, distribution, etc 1982
300 ## - PHYSICAL DESCRIPTION
Extent xxxii, 362p. : ill.
350 ## -
-- 0.00
490 ## - SERIES STATEMENT
Series statement Developments in landscape management and urban planning
490 ## - SERIES STATEMENT
Volume number/sequential designation 4
500 ## - GENERAL NOTE
General note One col. map folded in pocket. -Includes bibliographies and indexes.
650 ## - SUBJECT ADDED ENTRY--TOPICAL TERM
Topical term or geographic name as entry element SYSTEMS ANALYSIS
650 ## - SUBJECT ADDED ENTRY--TOPICAL TERM
Topical term or geographic name as entry element PLANNING
650 ## - SUBJECT ADDED ENTRY--TOPICAL TERM
Topical term or geographic name as entry element Land use--Planning--Mathematical models
650 ## - SUBJECT ADDED ENTRY--TOPICAL TERM
Topical term or geographic name as entry element WATERSHED MANAGEMENT--PLANNING--MATHEMATICAL MODELS
700 ## - ADDED ENTRY--PERSONAL NAME
Personal name Thomas, John F
995 ## - RECOMMENDATION 995 [LOCAL, UNIMARC FRANCE]
-- 0.00
-- CBU-MAIN LIBRARY (Kitwe)
-- 1
-- 51.75
-- 1
-- AVAILABLE
-- Main Library Open Access Collection
995 ## - RECOMMENDATION 995 [LOCAL, UNIMARC FRANCE]
-- 0.00
-- CBU-MAIN LIBRARY (Kitwe)
-- 2
-- 51.75
-- 2
-- AVAILABLE
-- Annex Low-Usage Collection
Holdings
Withdrawn status Lost status Source of classification or shelving scheme Damaged status Not for loan Permanent Location Current Location Shelving location Date acquired Total Checkouts Full call number Barcode Date last seen Copy number Price effective from Koha item type
          CBU-MAIN LIBRARY, KITWE. CBU-MAIN LIBRARY, KITWE.   09/05/2023   HD 108.6 Onr 004710 09/05/2023 1 09/05/2023 MONOGRAPH
          CBU-MAIN LIBRARY, KITWE. CBU-MAIN LIBRARY, KITWE.   09/05/2023   HD 108.6 Onr 004711 09/05/2023 2 09/05/2023 MONOGRAPH